[Event "XXXIII Memorial Edoardo Crespi B"]
[Site "Milano ITA"]
[Date "2012.12.08"]
[Round "5"]
[White "Cerutti, Fabio Maria"]
[Black "Bianchi, Angelo Massimo"]
[WhiteElo "1686"]
[BlackElo "1745"]
[Result "1-0"]
[PlyCount "55"]
[EventDate "2012.12.05"]

1. e4 c5 2. Nc3 d6 3. g3 Nf6 4. Bg2 Nc6 5. d3 g6 6. f4 Bg7 7. Nf3 a6 8. O-O O-O
9. h3 Rb8 10. g4 b5 11. Qe1 Qc7 12. f5 Nd4 13. Qf2 Nxf3+ 14. Bxf3 b4 15. Nd1
Nd7 16. Qh4 Ne5 17. Bh6 f6 18. fxg6 Nxg6 19. Qh5 d5 20. Qxd5+ e6 21. Qh5 Qg3+
22. Bg2 Nh4 23. Rf2 Bxh6 24. Qxh6 f5 25. Ne3 Nxg2 26. Rxg2 Rf6 27. Qg5+ Rg6 28.
Qd8+ 1-0

[Event "XXXIII Memorial Edoardo Crespi B"]
[Site "Milano ITA"]
[Date "2012.12.08"]
[Round "5"]
[White "Colica, Daniele"]
[Black "Pirrello, Christian"]
[WhiteElo "1713"]
[BlackElo "1602"]
[Result "1-0"]
[PlyCount "49"]
[EventDate "2012.12.05"]

1. e4 c6 2. Nc3 d5 3. Nf3 dxe4 4. Nxe4 Bf5 5. Ng3 Bg6 6. h4 h5 7. Ne5 Qd6 8. d4
Nd7 9. Nxg6 Qxg6 10. Bd3 Qg4 11. Be2 Qe6 12. O-O g6 13. Re1 Qd6 14. Ne4 Qc7 15.
Bc4 Bg7 16. Bxf7+ Kxf7 17. Ng5+ Ke8 18. Ne6 Qb6 19. Nxg7+ Kd8 20. Bg5 Ngf6 21.
Ne6+ Kc8 22. Nf4 Rg8 23. Qd3 Qxb2 24. Reb1 Ne5 25. Qh3+ 1-0

[Event "XXXIII Memorial Edoardo Crespi B"]
[Site "Milano ITA"]
[Date "2012.12.08"]
[Round "5"]
[White "Colonetti, Fabio"]
[Black "Calabrese, Maurizio"]
[WhiteElo "1446"]
[BlackElo "1528"]
[Result "1-0"]
[PlyCount "71"]
[EventDate "2012.12.05"]

1. e4 c5 2. Nc3 d6 3. f4 g6 4. Nf3 Bg7 5. Bc4 Nf6 6. O-O O-O 7. d3 Be6 8. Bb3
Qb6 9. Kh1 a6 10. Bd2 Qc7 11. Re1 b5 12. Rc1 c4 13. dxc4 bxc4 14. Ba4 Bd7 15.
Bxd7 Nbxd7 16. Nd4 e5 17. Nf3 exf4 18. Bxf4 Ne8 19. Qd2 Ne5 20. Nxe5 dxe5 21.
Bh6 Nf6 22. Bxg7 Kxg7 23. Rcd1 Rfd8 24. Qf2 Rxd1 25. Rxd1 Rd8 26. Qe2 Rd4 27.
Rxd4 exd4 28. Nd1 a5 29. e5 Nd5 30. Qe4 Qc5 31. e6 fxe6 32. Qxe6 Nb6 33. Qe4
Qd5 34. Qe7+ Qf7 35. Qe5+ Qf6 36. Qc7+ 1-0

[Event "XXXIII Memorial Edoardo Crespi B"]
[Site "Milano ITA"]
[Date "2012.12.08"]
[Round "5"]
[White "Condorelli, Roberto"]
[Black "Mazza, Domenico"]
[WhiteElo "1725"]
[BlackElo "1565"]
[Result "1-0"]
[PlyCount "107"]
[EventDate "2012.12.05"]

1. Nf3 Nf6 2. c4 e6 3. Nc3 Be7 4. d4 d5 5. Bg5 Nc6 6. e3 O-O 7. Rc1 h6 8. Bh4
a6 9. a3 dxc4 10. Bxc4 b5 11. Bd3 Nd5 12. Nxd5 Bxh4 13. Nxh4 Qxd5 14. Nf3 Bb7
15. Qc2 f5 16. O-O Rac8 17. Qb1 Ne7 18. Rc5 Qd6 19. Ne5 Nd5 20. Rfc1 Rf6 21.
Be2 Nb6 22. Bf3 Bxf3 23. Nxf3 c6 24. Ne5 Nc4 25. Nxc4 bxc4 26. R1xc4 f4 27. Qe4
fxe3 28. Qxe3 Rf7 29. Qe5 Rd7 30. Qxd6 Rxd6 31. g3 Kf7 32. b4 Ke7 33. a4 Kd7
34. f4 g6 35. Kf2 Rf8 36. Ke3 Rf5 37. Rxf5 exf5 38. Rc5 Kc7 39. b5 Re6+ 40. Kd3
axb5 41. axb5 Kb6 42. Rxc6+ Rxc6 43. bxc6 Kxc6 44. Kc4 g5 45. d5+ Kd6 46. h3
Ke7 47. Kc5 Kd7 48. d6 Kd8 49. Kd5 Kd7 50. Ke5 gxf4 51. gxf4 h5 52. h4 Ke8 53.
Kxf5 Kd7 54. Kf6 1-0

[Event "XXXIII Memorial Edoardo Crespi B"]
[Site "Milano ITA"]
[Date "2012.12.08"]
[Round "5"]
[White "Conta, Diego"]
[Black "Pollio, Ciro"]
[WhiteElo "1656"]
[BlackElo "1714"]
[Result "1/2-1/2"]
[PlyCount "162"]
[EventDate "2012.12.05"]

1. e4 c5 2. Nf3 a6 3. d4 cxd4 4. Nxd4 Nf6 5. Nc3 e5 6. Nf5 d5 7. Bg5 d4 8. Bxf6
gxf6 9. Nb1 Bxf5 10. exf5 Qb6 11. Nd2 Bc5 12. Nc4 Qa7 13. Bd3 b5 14. Nd2 Nc6
15. O-O Nb4 16. Ne4 Nd5 17. Qf3 O-O-O 18. Nxf6 Nxf6 19. Qc6+ Kb8 20. Qxf6 Bd6
21. Rae1 Rhe8 22. Qh4 Rh8 23. Qe4 f6 24. Qc6 Qb7 25. Qxb7+ Kxb7 26. Re4 Rdg8
27. Be2 Rg5 28. g4 h5 29. Bf3 Kb6 30. h4 Rgg8 31. Kg2 hxg4 32. Rxg4 Rxg4+ 33.
Bxg4 Rxh4 34. Kg3 Rh8 35. Kf3 Bb4 36. Rd1 Kc5 37. a3 Ba5 38. Ke4 b4 39. a4 Rh4
40. f3 Rh2 41. Kd3 b3 42. cxb3 Rxb2 43. Rc1+ Bc3 44. Rxc3+ dxc3 45. Kxc3 Rb1
46. Bh5 a5 47. Bg4 Rc1+ 48. Kd2 Rg1 49. Bh5 Kb4 50. Bf7 Rg2+ 51. Ke3 Rg7 52.
Bd5 Rd7 53. Ke4 Kc5 54. Be6 Rd4+ 55. Ke3 Kb4 56. Bc4 Rxc4 57. bxc4 Kxa4 58. Ke4
Kb4 59. Kd5 a4 60. c5 a3 61. c6 a2 62. c7 a1=Q 63. c8=Q Qd4+ 64. Ke6 Qb6+ 65.
Kf7 Qd6 66. Qe6 Qd3 67. Kxf6 Qxf3 68. Qxe5 Qc6+ 69. Qe6 Qf3 70. Ke7 Qb7+ 71.
Kf6 Qf3 72. Kf7 Qh5+ 73. Qg6 Qh3 74. Kg7 Kc5 75. f6 Qc3 76. Kg8 Qc4+ 77. Qf7
Qg4+ 78. Qg7 Qe6+ 79. f7 Kd6 80. Qf8+ Kd7 81. Qg7 Ke7 1/2-1/2

[Event "XXXIII Memorial Edoardo Crespi B"]
[Site "Milano ITA"]
[Date "2012.12.08"]
[Round "5"]
[White "D'Aste, Federico"]
[Black "Piras, Yari"]
[WhiteElo "1501"]
[BlackElo "1700"]
[Result "1/2-1/2"]
[PlyCount "29"]
[EventDate "2012.12.05"]

1. e4 c5 2. Nc3 Nc6 3. g3 Nf6 4. Bg2 e6 5. Nge2 a6 6. O-O d6 7. d4 cxd4 8. Nxd4
Nxd4 9. Qxd4 e5 10. Qd3 b5 11. Bg5 Be6 12. Nd5 Bxd5 13. exd5 Be7 14. Rfe1 Nd7
15. Be3 1/2-1/2

[Event "XXXIII Memorial Edoardo Crespi B"]
[Site "Milano ITA"]
[Date "2012.12.08"]
[Round "5"]
[White "Donadi, Luca"]
[Black "Grudina, Marco"]
[WhiteElo "1689"]
[BlackElo "1796"]
[Result "1-0"]
[PlyCount "163"]
[EventDate "2012.12.05"]

1. e4 e5 2. Nf3 Nc6 3. Bc4 Bc5 4. c3 Nf6 5. d3 d6 6. Bg5 a6 7. O-O O-O 8. Nbd2
Ba7 9. Bb3 Qe7 10. Nc4 Nd8 11. Re1 Ne6 12. Bh4 Nc5 13. Bc2 Be6 14. Ne3 Ncd7 15.
d4 c6 16. Qe2 Qd8 17. b3 Qa5 18. dxe5 dxe5 19. c4 Nh5 20. Qd2 Qxd2 21. Nxd2 Bd4
22. Rac1 Bc3 23. Red1 Nf4 24. Kf1 Nc5 25. Be7 Nxb3 26. Bxb3 Bxd2 27. Rxd2 Rfe8
28. Bd6 f6 29. c5 Bxb3 30. axb3 Ne6 31. Nc4 Nd4 32. Rc3 Nb5 33. Rcd3 Nd4 34.
Na5 Ra7 35. b4 Kf7 36. Nb3 Nb5 37. Na5 Kg8 38. Nc4 h6 39. Na3 Nd4 40. Bc7 Raa8
41. f3 Kh7 42. Nc2 Ne6 43. Bb6 Nf4 44. Rd8 Ne6 45. Rxa8 Rxa8 46. Rd7 Rb8 47.
Ke2 Kg6 48. g3 Nf8 49. Rd8 Rxd8 50. Bxd8 Ne6 51. Ba5 Ng5 52. Ne3 Ne6 53. Nc4
Nd4+ 54. Kf2 Nb5 55. Nd6 h5 56. Nxb7 Nd4 57. Nd6 Nc2 58. Ne8 Kf7 59. Nc7 g6 60.
Nxa6 Nd4 61. Nc7 Ke7 62. Na8 Nb5 63. Nb6 Nd4 64. Nc4 Nc2 65. f4 Ke6 66. fxe5
fxe5 67. h4 Kf6 68. Bc7 Nxb4 69. Bxe5+ Ke6 70. Bd6 Nd3+ 71. Ke3 Ne1 72. Kf4 Kf6
73. Ne5 Ng2+ 74. Kf3 Ne1+ 75. Ke2 Nc2 76. Nxc6 Ke6 77. Ne5 Kf6 78. c6 Nd4+ 79.
Kd3 Nb5 80. Bb8 g5 81. hxg5+ Kxg5 82. Kc4 1-0

[Event "XXXIII Memorial Edoardo Crespi B"]
[Site "Milano ITA"]
[Date "2012.12.08"]
[Round "5"]
[White "Fantina, Carla"]
[Black "Costanza, Calogero"]
[WhiteElo "1451"]
[BlackElo "1683"]
[Result "1-0"]
[PlyCount "104"]
[EventDate "2012.12.05"]

1. c4 d6 2. Nc3 Nd7 3. d4 c6 4. g3 Ngf6 5. Bg2 Qc7 6. Nf3 e6 7. O-O Be7 8. e4
e5 9. dxe5 dxe5 10. Qc2 O-O 11. a3 Re8 12. b4 Nf8 13. b5 Bg4 14. h3 Bd7 15. a4
Bc5 16. Bg5 Nh5 17. Kh2 f6 18. Bd2 Ne6 19. Qd1 g6 20. a5 Nd4 21. Na4 Nxf3+ 22.
Bxf3 Bd4 23. Rc1 Ng7 24. Nc3 Ne6 25. Ne2 Qd8 26. g4 Qe7 27. Nxd4 Nxd4 28. Bg2
Rad8 29. b6 axb6 30. axb6 Qc5 31. Qe1 Qf8 32. f4 Qg7 33. Bc3 Bc8 34. c5 Qe7 35.
Bxd4 Rxd4 36. f5 g5 37. h4 h6 38. hxg5 hxg5 39. Rf3 Red8 40. Rh3 Rd3 41. Rh6
Kg7 42. Rg6+ Kf7 43. Qe2 Qd7 44. Rh6 Kg7 45. Rg6+ Kf7 46. Qa2+ Rd5 47. exd5
cxd5 48. Rd1 Rh8+ 49. Kg1 Rd8 50. Bxd5+ Qxd5 51. Rxd5 Be6 52. Qa7 Bxd5 1-0

[Event "XXXIII Memorial Edoardo Crespi B"]
[Site "Milano ITA"]
[Date "2012.12.08"]
[Round "5"]
[White "Farina, Walter"]
[Black "Confalonieri, Luca"]
[WhiteElo "1677"]
[BlackElo "1607"]
[Result "1/2-1/2"]
[PlyCount "66"]
[EventDate "2012.12.05"]

1. e4 e5 2. Nf3 Nc6 3. Bb5 a6 4. Ba4 b5 5. Bb3 Nf6 6. d3 Bc5 7. c3 d6 8. h3 Be6
9. Bc2 Bb6 10. Nbd2 O-O 11. Nf1 Qd7 12. Ng3 h6 13. O-O Rad8 14. Be3 Ne7 15.
Bxb6 cxb6 16. Ne2 Ng6 17. Bb3 Nh5 18. Bxe6 fxe6 19. d4 exd4 20. Qxd4 Qc7 21.
Rfc1 Nhf4 22. Nxf4 Nxf4 23. Qe3 e5 24. a4 Qc4 25. Rc2 Qb3 26. Rd2 bxa4 27. Ra3
Qb5 28. Ne1 Rf7 29. Nd3 Nxd3 30. Qxd3 Qxd3 31. Rxd3 b5 32. Rd5 Rc7 33. f3 g5
1/2-1/2

[Event "XXXIII Memorial Edoardo Crespi B"]
[Site "Milano ITA"]
[Date "2012.12.08"]
[Round "5"]
[White "Fornari, Sergio"]
[Black "Pandini, Giuseppe"]
[WhiteElo "1629"]
[BlackElo "1762"]
[Result "1-0"]
[PlyCount "91"]
[EventDate "2012.12.05"]

1. d4 b6 2. Nf3 Bb7 3. e3 e6 4. Bd3 Nf6 5. Nbd2 Be7 6. b3 d5 7. O-O Nbd7 8. c4
c6 9. Re1 c5 10. Bb2 Rc8 11. h3 O-O 12. Qc2 g6 13. Rac1 dxc4 14. bxc4 Rc7 15.
Qb1 Qa8 16. e4 Nh5 17. d5 Nf4 18. Bf1 f6 19. Nh2 Bd6 20. Ng4 e5 21. g3 Nh5 22.
Be2 Ng7 23. Nh6+ Kh8 24. g4 Qd8 25. Rf1 Qe7 26. f4 exf4 27. Rf3 Be5 28. Rcf1
Ne8 29. Bxe5 fxe5 30. g5 Qxg5+ 31. Ng4 Ndf6 32. Kh2 Nxg4+ 33. hxg4 Nf6 34. Rh3
Bc8 35. Rg1 Ng8 36. Nf3 Qf6 37. g5 Qe7 38. Rh4 Qd6 39. Qb2 Re8 40. Kg2 Rce7 41.
Rgh1 Qb8 42. Nxe5 Nf6 43. Nxg6+ Kg8 44. Nxe7+ Rxe7 45. gxf6 Rxe4 46. f7+ 1-0

[Event "XXXIII Memorial Edoardo Crespi B"]
[Site "Milano ITA"]
[Date "2012.12.08"]
[Round "5"]
[White "Frignani, Alessandro"]
[Black "Pioggia, Massimiliano"]
[WhiteElo "1344"]
[BlackElo "1622"]
[Result "0-1"]
[PlyCount "69"]
[EventDate "2012.12.05"]

1. e4 c6 2. d4 d5 3. e5 c5 4. c3 Nc6 5. Be3 e6 6. f4 cxd4 7. Bxd4 Nh6 8. Bb5
Bd7 9. Nf3 Nxe5 10. Bxd7+ Nxd7 11. Qb3 Nf5 12. Nbd2 Be7 13. Rb1 O-O 14. Qxb7
Nc5 15. Qb5 Rb8 16. Qe2 a5 17. Qd1 Nd3+ 18. Ke2 Nxf4+ 19. Kf2 Nxd4 20. Nxd4 Qb6
21. Kf3 e5 22. Ne2 Nd3 23. Rf1 e4+ 24. Nxe4 dxe4+ 25. Kxe4 Qe6+ 26. Kxd3 Qg6+
27. Kc4 Rbc8+ 28. Kb3 a4+ 29. Kxa4 Ra8+ 30. Kb3 Rfb8+ 31. Kc4 Qa6+ 32. Kd5 Rd8+
33. Ke4 Qg6+ 34. Kf3 Qh5+ 35. Kf2 0-1

[Event "XXXIII Memorial Edoardo Crespi B"]
[Site "Milano ITA"]
[Date "2012.12.08"]
[Round "5"]
[White "Gerosa, Davide"]
[Black "Gonella, Graziano"]
[WhiteElo "1539"]
[BlackElo "1202"]
[Result "1-0"]
[PlyCount "85"]
[EventDate "2012.12.05"]

1. e4 e5 2. Nf3 g6 3. Bc4 Bg7 4. Nc3 Nc6 5. d3 Nge7 6. O-O Na5 7. Bb3 O-O 8.
Bg5 Nxb3 9. axb3 f6 10. Be3 f5 11. Bg5 Qe8 12. Bxe7 Qxe7 13. Nd5 Qd6 14. c4 c6
15. Nc3 b6 16. Qe2 Bb7 17. Rad1 Qb4 18. Qc2 Qe7 19. Rfe1 Qf6 20. b4 b5 21. c5
d6 22. Qb3+ Kh8 23. Qc2 Rad8 24. d4 dxc5 25. dxe5 Qe7 26. exf5 cxb4 27. Rxd8
Rxd8 28. f6 Qe6 29. fxg7+ Kxg7 30. Ne4 Rf8 31. Nc5 Qe7 32. Qc1 Bc8 33. Nd3 a5
34. Qxc6 Bb7 35. Qd6 Qf7 36. e6 Qf6 37. Qd7+ Kh6 38. Qxb7 g5 39. e7 Rf7 40.
e8=Q Rxb7 41. Re6 Qxe6 42. Qxe6+ Kh5 43. g4# 1-0

[Event "XXXIII Memorial Edoardo Crespi B"]
[Site "Milano ITA"]
[Date "2012.12.08"]
[Round "5"]
[White "Giordano, Giovanni"]
[Black "Marinescu, Gheorge"]
[WhiteElo "1437"]
[BlackElo "1618"]
[Result "1-0"]
[PlyCount "83"]
[EventDate "2012.12.05"]

1. e4 Nc6 2. Nf3 b6 3. d4 e6 4. Nc3 a6 5. d5 Nb8 6. dxe6 fxe6 7. Ne5 Qf6 8. f4
d6 9. Ng4 Qg6 10. Bd3 h5 11. Ne3 Nh6 12. e5 Qf7 13. Qf3 Ra7 14. exd6 Bxd6 15.
Nc4 O-O 16. Nxd6 cxd6 17. Rf1 Ng4 18. Qg3 Nd7 19. h3 Nh6 20. Qf3 Bb7 21. Qf2
Nc5 22. Be3 Nf5 23. Bxc5 bxc5 24. g4 hxg4 25. hxg4 Nh6 26. g5 Nf5 27. O-O-O Ba8
28. Bxf5 Qxf5 29. Rxd6 Raf7 30. Qe2 Bd5 31. Nxd5 exd5 32. Rxa6 c4 33. Qh2 Qxg5
34. fxg5 Rxf1+ 35. Kd2 R1f2+ 36. Qxf2 Rxf2+ 37. Kc3 Rg2 38. a4 Rxg5 39. a5 Kh7
40. Ra8 Kg6 41. a6 Rf5 42. a7 1-0

[Event "XXXIII Memorial Edoardo Crespi B"]
[Site "Milano ITA"]
[Date "2012.12.08"]
[Round "5"]
[White "Lamperti, Gianloris"]
[Black "Izzo, Riccardo"]
[WhiteElo "1679"]
[BlackElo "1653"]
[Result "0-1"]
[PlyCount "42"]
[EventDate "2012.12.05"]

1. d4 d5 2. c4 e6 3. Nc3 Nf6 4. Nf3 Bb4 5. e3 b6 6. a3 Bxc3+ 7. bxc3 Nbd7 8.
cxd5 Nxd5 9. Qc2 Bb7 10. e4 N5f6 11. Bd3 c5 12. Bb2 Rc8 13. Qe2 O-O 14. O-O Re8
15. Rad1 Qc7 16. e5 Nd5 17. Bxh7+ Kxh7 18. Ng5+ Kg8 19. Qh5 Nf8 20. Bc1 f6 21.
Rd3 g6 0-1

[Event "XXXIII Memorial Edoardo Crespi B"]
[Site "Milano ITA"]
[Date "2012.12.08"]
[Round "5"]
[White "Lavorgna, Filippo"]
[Black "Paulovich, Adriano"]
[WhiteElo "1452"]
[BlackElo "1690"]
[Result "1/2-1/2"]
[PlyCount "74"]
[EventDate "2012.12.05"]

1. d4 Nf6 2. c4 g6 3. Nc3 Bg7 4. e4 d6 5. f3 O-O 6. Be3 e5 7. d5 c6 8. Qd2 cxd5
9. cxd5 a6 10. Bd3 Nbd7 11. Nge2 b5 12. b4 Bb7 13. O-O Nb6 14. a4 bxa4 15. Nxa4
Nxa4 16. Rxa4 Ne8 17. Rfa1 f5 18. Bxa6 Bxa6 19. Rxa6 Rxa6 20. Rxa6 f4 21. Bf2
Nc7 22. Bb6 Qc8 23. Bxc7 Qxc7 24. Rc6 Qb8 25. Qb2 Rf7 26. b5 g5 27. b6 g4 28.
Qa3 Bf8 29. Qa6 gxf3 30. gxf3 Rg7+ 31. Kf2 Qd8 32. Ke1 Qh4+ 33. Kd2 Qf2 34. Rc3
Rg1 35. Rb3 Qe1+ 36. Kd3 Rg2 37. Rb2 Qf1 1/2-1/2

[Event "XXXIII Memorial Edoardo Crespi B"]
[Site "Milano ITA"]
[Date "2012.12.08"]
[Round "5"]
[White "Lipari, Alberto"]
[Black "Resta, Andrea"]
[WhiteElo "1604"]
[BlackElo "1688"]
[Result "0-1"]
[PlyCount "66"]
[EventDate "2012.12.05"]

1. c4 Nf6 2. d4 e6 3. Nc3 d5 4. cxd5 exd5 5. Nf3 c6 6. a3 Be7 7. Bf4 Nbd7 8.
Qc2 O-O 9. e4 dxe4 10. Nxe4 Nxe4 11. Qxe4 Re8 12. Be3 Bb4+ 13. axb4 Rxe4 14.
Bd3 Re8 15. O-O Nf6 16. Bg5 Qd6 17. b5 Bg4 18. Rad1 Bxf3 19. gxf3 h6 20. Bh4
Qf4 21. Bxf6 Qxf6 22. Be4 Qg5+ 23. Kh1 Qxb5 24. Rg1 Qe2 25. Rc1 Qxf2 26. Rc2
Qxd4 27. Rcg2 Rad8 28. Bb1 Rd7 29. Ba2 Rde7 30. Rg4 Qxb2 31. Bc4 Re1 32. Rf4
Rxg1+ 33. Kxg1 Qc1+ 0-1

[Event "XXXIII Memorial Edoardo Crespi B"]
[Site "Milano ITA"]
[Date "2012.12.08"]
[Round "5"]
[White "Macri', Vincenzo Roberto"]
[Black "Poletto, Daniele"]
[WhiteElo "1538"]
[BlackElo "1726"]
[Result "1/2-1/2"]
[PlyCount "105"]
[EventDate "2012.12.05"]

1. e4 c5 2. Nf3 e6 3. d4 cxd4 4. c3 Nf6 5. Bg5 Be7 6. Bd3 h6 7. Bh4 dxc3 8.
Nxc3 O-O 9. O-O Nxe4 10. Bxe7 Nxc3 11. Bxd8 Nxd1 12. Be7 Nxb2 13. Bxf8 Nxd3 14.
Ba3 Nc6 15. Rfd1 Nde5 16. Nxe5 Nxe5 17. Bd6 Nc6 18. a4 b6 19. Bc7 d5 20. a5
Nxa5 21. Rdb1 Ba6 22. Kh1 Bc4 23. Rxb6 Rc8 24. Rb8 Rxb8 25. Bxb8 Nc6 26. Bxa7
Nxa7 27. Rxa7 Kf8 28. f4 f6 29. Kg1 e5 30. f5 Bd3 31. Ra8+ Kf7 32. Ra7+ Kg8 33.
Ra8+ Kh7 34. g4 h5 35. Ra3 e4 36. h3 hxg4 37. hxg4 Kh6 38. Kf2 Kg5 39. Kg3 g6
40. fxg6 Kxg6 41. Kf4 Bc2 42. Ra8 d4 43. Rg8+ Kf7 44. Rc8 d3 45. Ke3 Ke7 46.
Rc6 Kf7 47. Rc8 Kg7 48. Rc7+ Kg6 49. Rc5 Bb1 50. Rd5 Bc2 51. Rc5 Bb1 52. Rd5
Bc2 53. Rc5 1/2-1/2

[Event "XXXIII Memorial Edoardo Crespi B"]
[Site "Milano ITA"]
[Date "2012.12.08"]
[Round "5"]
[White "Madaschi, Sergio"]
[Black "Crippa, Oscar"]
[WhiteElo "1516"]
[BlackElo "1671"]
[Result "1-0"]
[PlyCount "89"]
[EventDate "2012.12.05"]

1. d4 Nf6 2. Nf3 d5 3. c4 e6 4. Nc3 c6 5. e3 Bd6 6. Bd3 Nbd7 7. O-O O-O 8. Re1
dxc4 9. Bxc4 Nd5 10. Bd2 N7f6 11. e4 Nxc3 12. Bxc3 Be7 13. Qe2 b5 14. Bb3 b4
15. Bd2 a5 16. Bc2 Qb6 17. h3 Ba6 18. Bd3 Bxd3 19. Qxd3 c5 20. Be3 cxd4 21.
Bxd4 Bc5 22. Bxc5 Qxc5 23. Rac1 Qe7 24. Rc4 Rac8 25. Rec1 Rxc4 26. Rxc4 Rd8 27.
Qc2 g6 28. b3 Qd7 29. Kh2 Qd1 30. Qb2 Ne8 31. e5 Qd5 32. a3 Qb7 33. axb4 axb4
34. Qc2 Kg7 35. Qe2 Nc7 36. h4 Nd5 37. Qe4 Qa7 38. Kg3 Qa2 39. Nd4 Qd2 40. Nf3
Qa2 41. Nd4 Qd2 42. Nf3 Qd1 43. Nd4 Nc3 44. Qf3 Rxd4 45. Qxd1 1-0

[Event "XXXIII Memorial Edoardo Crespi B"]
[Site "Milano ITA"]
[Date "2012.12.08"]
[Round "5"]
[White "Mazzoccoli, Simone"]
[Black "Podetti, Davide"]
[WhiteElo "1681"]
[BlackElo "1712"]
[Result "1/2-1/2"]
[PlyCount "57"]
[EventDate "2012.12.05"]

1. e4 e5 2. Nf3 Nc6 3. d4 exd4 4. Nxd4 Nf6 5. Nxc6 bxc6 6. Bd3 d5 7. exd5 cxd5
8. O-O Be7 9. Nc3 O-O 10. Bf4 c6 11. Re1 Bg4 12. Qd2 Re8 13. Be5 Qd7 14. h3 Bf5
15. Re2 Bg6 16. Bxg6 fxg6 17. Rae1 Bd6 18. Bxd6 Qxd6 19. Rxe8+ Rxe8 20. Rxe8+
Nxe8 21. Qe3 Qd7 22. Na4 Kf7 23. Qd4 Nf6 24. Nc5 Qe7 25. Kf1 Qd6 26. Nb7 Qb8
27. Qb4 Qc7 28. Nc5 Qb6 29. Qxb6 1/2-1/2

[Event "XXXIII Memorial Edoardo Crespi B"]
[Site "Milano ITA"]
[Date "2012.12.08"]
[Round "5"]
[White "Milano, Maria"]
[Black "Biffi, Roberto"]
[WhiteElo "1636"]
[BlackElo "1691"]
[Result "1-0"]
[PlyCount "147"]
[EventDate "2012.12.05"]

1. c4 d6 2. Nc3 Nf6 3. g3 g6 4. Bg2 Bg7 5. Nf3 O-O 6. d3 c5 7. O-O Nc6 8. a3
Rb8 9. Rb1 a5 10. Bd2 Bd7 11. Nb5 Ne8 12. b4 Nc7 13. bxa5 Nxb5 14. cxb5 Nxa5
15. Qa4 Ra8 16. Qc2 b6 17. Ng5 Ra7 18. Ne4 Qc7 19. Nc3 e6 20. Bf4 Re8 21. Ne4
e5 22. Bg5 f5 23. Nc3 Be6 24. Nd5 Bxd5 25. Bxd5+ Kh8 26. Qd2 c4 27. Rfc1 Qc5
28. dxc4 Qxa3 29. Rc3 Qc5 30. Be3 Qc7 31. Rcc1 Nb7 32. Bc6 Rf8 33. Bh6 Nc5 34.
Bxg7+ Kxg7 35. f3 Ra3 36. Rd1 Rf6 37. Qc1 Ra2 38. Rd2 Rxd2 39. Qxd2 Qa7 40. Qb2
Qa4 41. Qb4 Qa2 42. Qb2 Qxc4 43. Ra1 Na4 44. Qa2 Qd4+ 45. Kf1 Nc3 46. Qb2 Rf7
47. Rc1 Na4 48. Qxd4 exd4 49. Rd1 Rf6 50. Rxd4 Nc5 51. Rd2 Kf7 52. Ra2 h6 53.
Ke1 g5 54. Kd2 Ke7 55. Kc3 f4 56. g4 Re6 57. Kc4 Kf6 58. Rd2 Re5 59. Rxd6+ Ke7
60. Rd2 Kf6 61. Ra2 Ke7 62. Kd4 Re3 63. Kd5 Kf6 64. Kd6 Re7 65. Ra8 Rxe2 66.
Kc7 Rxh2 67. Kxb6 Rc2 68. Kc7 Ne6+ 69. Kd6 Nd4 70. Bd7 Rb2 71. Rb8 Nxf3 72. b6
Rd2+ 73. Kc7 Ne5 74. Be8 1-0

[Event "XXXIII Memorial Edoardo Crespi B"]
[Site "Milano ITA"]
[Date "2012.12.08"]
[Round "5"]
[White "Nanni, Sergio"]
[Black "Capostagno, Francesco"]
[WhiteElo "1650"]
[BlackElo "1587"]
[Result "0-1"]
[PlyCount "50"]
[EventDate "2012.12.05"]

1. e4 d6 2. d4 g6 3. Nc3 Bg7 4. Bc4 Nf6 5. Nf3 O-O 6. Bg5 c5 7. dxc5 dxc5 8.
Qe2 Nc6 9. e5 Ng4 10. e6 Bxc3+ 11. bxc3 f6 12. h3 Qa5 13. O-O Nge5 14. Bd5
Nxf3+ 15. Bxf3 fxg5 16. Rab1 Qxc3 17. Rfe1 Nd4 18. Qf1 Nxf3+ 19. gxf3 Rxf3 20.
Kg2 Qf6 21. Qe2 Rf5 22. Rbd1 Rf4 23. f3 b6 24. Rd8+ Kg7 25. Red1 Bb7 0-1

[Event "XXXIII Memorial Edoardo Crespi B"]
[Site "Milano ITA"]
[Date "2012.12.08"]
[Round "5"]
[White "Olivo, Mario"]
[Black "Viotti, Alberto"]
[WhiteElo "1798"]
[BlackElo "1588"]
[Result "1-0"]
[PlyCount "99"]
[EventDate "2012.12.05"]

1. c4 c5 2. Nf3 Nf6 3. g3 g6 4. Bg2 Bg7 5. O-O O-O 6. Nc3 Nc6 7. d3 d6 8. e4 e5
9. h3 h6 10. Be3 Be6 11. Qd2 a6 12. Bxh6 Bxh6 13. Qxh6 Nh7 14. Qd2 Nd4 15. Nxd4
cxd4 16. Ne2 Qd7 17. Kh2 Rac8 18. f4 f5 19. exf5 Bxf5 20. g4 Be6 21. Rf2 Rf7
22. Raf1 Rcf8 23. Ng3 b5 24. b3 Qc8 25. fxe5 dxe5 26. Rxf7 Rxf7 27. Rxf7 Bxf7
28. Ne4 Qc7 29. Kg1 Kg7 30. g5 Be6 31. Qf2 Bf5 32. h4 Qe7 33. Qf3 Qa3 34. Qg3
Qc1+ 35. Kh2 Qf4 36. Qxf4 exf4 37. Bf3 Nf8 38. Kg2 Nd7 39. Kf2 Ne5 40. Ke2 Kf8
41. Nc5 bxc4 42. bxc4 a5 43. Ne4 Ke7 44. Nf2 Kf7 45. Ne4 Ke7 46. Nc5 Kf7 47.
Be4 Bg4+ 48. Kf2 Bc8 49. Nb3 a4 50. Nxd4 1-0

[Event "XXXIII Memorial Edoardo Crespi B"]
[Site "Milano ITA"]
[Date "2012.12.08"]
[Round "5"]
[White "Peroni, Gianpaolo"]
[Black "Figini, Vittorio"]
[WhiteElo "1500"]
[BlackElo "1531"]
[Result "1-0"]
[PlyCount "95"]
[EventDate "2012.12.05"]

1. c4 c5 2. g3 d6 3. Bg2 e5 4. Nc3 Nf6 5. d3 Be7 6. Nf3 Nbd7 7. Rb1 Rb8 8. O-O
a6 9. b4 b6 10. b5 axb5 11. Nxb5 Bb7 12. Qb3 O-O 13. Nc3 Re8 14. e4 Bc6 15. Nh4
Nf8 16. Nf5 Ne6 17. Nd5 Nd4 18. Nfxe7+ Rxe7 19. Nxe7+ Qxe7 20. Qd1 Qa7 21. Bg5
Ne8 22. Qg4 Bd7 23. Qh5 Be6 24. f4 f6 25. f5 Bf7 26. Qg4 fxg5 27. Qxg5 Nf6 28.
g4 Ne8 29. f6 g6 30. h4 Rb7 31. h5 Ne2+ 32. Kh2 Nf4 33. Qh6 Nxf6 34. Rxf4 exf4
35. Qxf4 Ne8 36. Rf1 Re7 37. hxg6 hxg6 38. Qh6 Ng7 39. Rf3 Be6 40. Rh3 Kf8 41.
Qxg6 Rf7 42. Rh8+ Ke7 43. Qg5+ Kd7 44. Qd8+ Kc6 45. e5+ d5 46. Bxd5+ Bxd5 47.
Qxd5+ Kc7 48. Qxf7+ 1-0

[Event "XXXIII Memorial Edoardo Crespi B"]
[Site "Milano ITA"]
[Date "2012.12.08"]
[Round "5"]
[White "Prevedello, Daniele"]
[Black "Nordio, Giorgio"]
[WhiteElo "1495"]
[BlackElo "1626"]
[Result "1/2-1/2"]
[PlyCount "37"]
[EventDate "2012.12.05"]

1. c4 c6 2. Nc3 d5 3. cxd5 cxd5 4. d4 Nf6 5. Nf3 Bf5 6. Qb3 b6 7. Bg5 e6 8. e3
Nbd7 9. Nh4 Bg6 10. Nxg6 fxg6 11. Bd3 Be7 12. O-O O-O 13. Rac1 Rc8 14. Ba6 Rc6
15. Nb5 Nb8 16. Nxa7 Rxc1 17. Rxc1 Nxa6 18. Rc8 Qd6 19. Rc6 1/2-1/2

[Event "XXXIII Memorial Edoardo Crespi B"]
[Site "Milano ITA"]
[Date "2012.12.08"]
[Round "5"]
[White "Priori, Gabriele"]
[Black "Libutti, Michele"]
[WhiteElo "1608"]
[BlackElo "1736"]
[Result "0-1"]
[PlyCount "84"]
[EventDate "2012.12.05"]

1. d4 Nf6 2. Bf4 d5 3. e3 e6 4. Nd2 Nbd7 5. Bd3 c5 6. c3 Be7 7. Ngf3 O-O 8. Ne5
cxd4 9. exd4 Bd6 10. h4 Qc7 11. Qe2 a6 12. g4 Bxe5 13. dxe5 Nc5 14. O-O-O Nxd3+
15. Qxd3 Bd7 16. Nf3 Ne4 17. Ng5 Bc6 18. f3 Nxg5 19. hxg5 g6 20. Rh6 Kg7 21.
Rdh1 Rh8 22. Bg3 d4 23. Rf1 Bb5 24. Qxd4 Bxf1 25. Qf2 Bd3 26. Qd4 Qc4 27. Qxc4
Bxc4 28. b3 Bd5 29. f4 Bf3 30. Rh4 Rac8 31. Kb2 Be4 32. Bf2 b5 33. b4 Rhd8 34.
Bd4 Ra8 35. Rh2 a5 36. Bc5 axb4 37. Bxb4 Bd5 38. a3 Bc4 39. Be7 Rd3 40. Bf6+
Kg8 41. Be7 Rf3 42. Re2 Rxf4 0-1